| 000 | 01329cam a2200313 a 4500 | ||
|---|---|---|---|
| 001 | 15536650 | ||
| 005 | 20090609085728.0 | ||
| 008 | 081126s2010 maua b 001 0 eng | ||
| 010 | _a 2008051735 | ||
| 020 | _a9780070164543 (hard copy : alk. paper) | ||
| 020 | _a0070164541 (hard copy : alk. paper) | ||
| 035 | _a(OCoLC)ocn244059977 | ||
| 040 |
_aDLC _cDLC _dBTCTA _dBAKER _dC#P _dBWX _dYDXCP _dCDX _dDLC |
||
| 050 | 0 | 0 |
_aQA76.76.O63 _bE4865 2010 |
| 082 | 0 | 0 |
_a005.43 _222 _bELM |
| 100 | 1 |
_aElmasri, Ramez. _911445 |
|
| 245 | 1 | 0 |
_aOperating systems : _ba spiral approach / _cRamez Elmasri, A. Gil Carrick, David Levine. |
| 250 | _bInternational student ed. | ||
| 260 |
_aBoston : _bMcGraw Hill Higher Education, _cc2010. |
||
| 300 |
_axiv, 526 p. : _bill. ; _c24 cm. |
||
| 500 | _aIncludes Index. | ||
| 504 | _aIncludes bibliographical references and index. | ||
| 650 | 0 |
_aOperating systems (Computers) _vTextbooks. _911446 |
|
| 700 | 1 |
_aCarrick, A. Gil. _911447 |
|
| 700 | 1 |
_aLevine, David _q(David E.) _911448 |
|
| 942 |
_2ddc _cBB |
||
| 999 |
_c13409 _d13409 |
||